Catálogo
 En Linea

Parte electoral de la constitución 2010 : (Registro nro. 14682)

Detalles MARC
000 -CABECERA
campo de control de longitud fija 00717nam a2200121 a 4500
001 - NÚMERO DE CONTROL
campo de control 000015110
005 - FECHA Y HORA DE LA ÚLTIMA TRANSACCIÓN
campo de control 20200929163947.0
008 - DATOS DE LONGITUD FIJA--INFORMACIÓN GENERAL
campo de control de longitud fija 130912s dr 000 0 spa d
040 ## - FUENTE DE LA CATALOGACIÓN
Centro catalogador/agencia de origen DO-SdBNP
Lengua de catalogación spa
Centro/agencia transcriptor BNPHU
245 00 - MENCIÓN DE TÍTULO
Título Parte electoral de la constitución 2010 :
Resto del título ley electoral 275-97 (mod. por leyes 32-99,12-00,144-02 y 289-05) ; ley no. 29-11(del tribunal superior electoral); ley no. 2-03(que modifica varios arts. a la ley electoral, derogada por la ley 29-11) ;ley no. 37-10 sobre elección de diputados nacionales ; ley no. 8-92 sobre cédula de identidad y electoral ; ley no. 136-11 elecciones diputados(as) en el exterior /.
260 ## - PUBLICACIÓN, DISTRIBUCIÓN, ETC.
Lugar de publicación, distribución, etc. Moca, República Dominicana,
Fecha de publicación, distribución, etc. [201u].
300 ## - DESCRIPCIÓN FÍSICA
Extensión 118, 8 p. ;
Dimensiones 23 cm.
Existencias
Estado de retiro Estado de pérdida Restricciones de uso No para préstamo Código de colección Localización permanente Ubicación/localización actual Ubicación en estantería Fecha de adquisición Número de inventario Total de préstamos Signatura topográfica completa Código de barras Fecha visto por última vez Precio válido a partir de Tipo de ítem Koha
        Patrimonio Dominicano General General Orden iniciada 01.10.2013 LF1   15110-30 25.06.2020 25.06.2020 Libro y Folleto Colección Patrimonio Dominicano
        Patrimonio Dominicano Patrimonio Dominicano Patrimonio Dominicano Orden iniciada 01.02.2010 LF1   15110-10 25.06.2020 25.06.2020 Libro y Folleto Colección Patrimonio Dominicano
      Excluido de préstamo Patrimonio Dominicano Patrimonio Dominicano Patrimonio Dominicano En catalogación 01.02.2010 LF1   15110-20 25.06.2020 25.06.2020 Libro y Folleto Colección Patrimonio Dominicano

Con tecnología Koha